| 000 | 00400nam a2200133Ia 4500 | ||
|---|---|---|---|
| 005 | 20251222143210.0 | ||
| 008 | 251222s9999||||xx |||||||||||||| ||spa|| | ||
| 020 | _a978-603-4002-48-7 | ||
| 082 | _a344.01/T77G | ||
| 100 | _aToyama Miyagusuku, Jorge | ||
| 245 | 0 | _aGuía Laboral para Jefes de Recursos Humanos, Asesores Legales, Administradores y Gerentes | |
| 264 | _bGaceta Jurídica | ||
| 942 | _cLIB | ||
| 999 |
_c13393 _d13393 |
||